Electronic communications systems. Fundamentals through advanced /

Salvato in:
Dettagli Bibliografici
Autore principale: Tomasi, Wayne (Autore)
Natura: Libro
Lingua:inglese
Pubblicazione: Englewood Cliffs : Prentice Hall, 1988
Edizione:1.vyd.
Soggetti:
Tags: Aggiungi Tag
Nessun Tag, puoi essere il primo ad aggiungerne!!

MARC

LEADER 00000nam a22000003a 4500
001 stu5046
005 20150617225811.1
008 940111s1988----xxu-----------------eng-d
020 |a 0-13-250804-4 
040 |a STU  |b slo 
041 0 |a eng 
044 |a xxu 
080 |a 621.391 
100 1 |a Tomasi, Wayne  |4 aut 
245 1 |a Electronic communications systems. Fundamentals through advanced /  |c [aut.] Tomasi,Wayne 
250 |a 1.vyd. 
260 |a Englewood Cliffs :  |b Prentice Hall,  |c 1988 
300 |a 865 s 
650 7 |a elektronické komunikačné systémy  |2 stusub 
996 |b E66562  |c E*66562  |l EE16  |s P  |a 0  |w stu5046_0001 
996 |b E78657  |c E*78657  |l EE16  |s P  |a 0  |w stu5046_0002